Statistics for Guess the phone brands by picture.

Click here to take the quiz!

General Stats

  • This quiz has been taken 12 times
  • The average score is 6 of 16

Answer Stats

Answer% Correct
Samsung
100%
Huawei
91%
Iphone
91%
Panasonic
55%
Motorola
45%
Asus
36%
Nokia
36%
LG
27%
Oppo
27%
HTC
18%
Alcatel
9%
Lenovo
9%
Sony Ericsson
9%
Toshiba
9%
Microsoft
0%
Oneplus
0%

Score Distribution

Percentile by Number Answered

Percent of People with Each Score

Your Score History

You have not taken this quiz